Answers Contain "Dragon" - Statistics

General Stats
  • This quiz has been taken 293 times
  • The average score is 10 of 18
Answer Stats
Hint Answer % Correct
Insect that resembles a tiny helicopter Dragonfly
98%
Tabletop game abbreviated as D&D Dungeons & Dragons
90%
Stieg Larsson novel: The Girl with the ______ ______ Dragon Tattoo
87%
National animal of Indonesia Komodo Dragon
80%
Popular anime series Dragon Ball
77%
Movie in which Hiccup befriends Toothless How to Train Your Dragon
75%
2000 Ang Lee movie: Crouching Tiger, ______ _______ Hidden Dragon
71%
HBO series that is a prequel to Game of Thrones House of the Dragon
60%
What Daenerys receives as a wedding gift Dragon Eggs
58%
What Po in Kung Fu Panda was destined to become Dragon Warrior
57%
Type of art form performed primarily during the Chinese New Year Dragon Dance
53%
Dan Reynolds is this band's lead singer Imagine Dragons
51%
Another name for pitaya Dragon Fruit
49%
King Arthur's father: Uther __________ Pendragon
42%
What the English call "y Ddraig Goch" Welsh Dragon
39%
Most notable Bruce Lee movie in the West Enter the Dragon
36%
Type of fish, found on Australian coastlines, that resembles a marine algae Leafy Seadragon
18%
Nickname of Bhutan Land of the Thunder Dragon
8%
No matching quizzes found
Score Distribution
Percent of People with Each Score
Percentile by Number Answered
Your Score History
You have not taken this quiz